[Event "15. Obert Int. Sant Martí 2013 - B"]
[Site "Barcelona ESP"]
[Date "2013.07.20"]
[Round "8.12"]
[White "Molano Lafuente, Ismael"]
[Black "Julia Yebra, David"]
[Result "1-0"]
[WhiteElo "1943"]
[BlackElo "1873"]
[PlyCount "49"]
[EventDate "2013.07.13"]
[EventType "swiss"]
[EventRounds "9"]
[EventCountry "ESP"]
[SourceTitle "Ajedrez en Madrid"]
[Source "lmi"]
[SourceDate "2013.07.13"]
[SourceVersion "1"]
[SourceVersionDate "2019.06.21"]
[SourceQuality "1"]

1. f4 d6 2. Nf3 Nf6 3. e3 c6 4. d4 Nbd7 5. Nbd2 Qa5 6. c3 e5 7. fxe5 dxe5 8.
Nc4 Qc7 9. dxe5 Nxe5 10. Ncxe5 Bd6 11. Qd4 c5 12. Qa4+ Ke7 13. Nd3 g5 14. e4
Bd7 15. Qc2 Nxe4 16. Nxg5 Bg3+ 17. hxg3 Nxg3 18. Bf4 Qc6 19. Bxg3 h6 20. Nf3
Bf5 21. Nde5 Qe6 22. Qb3 Rad8 23. Qxe6+ Bxe6 24. Bh4+ f6 25. Ng6+ 1-0

[Event "15. Obert Int. Sant Martí 2013 - B"]
[Site "Barcelona ESP"]
[Date "2013.07.20"]
[Round "8.13"]
[White "Alfara Ayllon, Jose Luis"]
[Black "Delgado Lozano, Ignacio Maria"]
[Result "1-0"]
[WhiteElo "1940"]
[BlackElo "1765"]
[PlyCount "69"]
[EventDate "2013.07.13"]
[EventType "swiss"]
[EventRounds "9"]
[EventCountry "ESP"]
[SourceTitle "Ajedrez en Madrid"]
[Source "lmi"]
[SourceDate "2013.07.13"]
[SourceVersion "1"]
[SourceVersionDate "2019.06.21"]
[SourceQuality "1"]

1. e4 c6 2. d4 d5 3. e5 Bf5 4. Nf3 e6 5. Be2 Nd7 6. O-O Bg6 7. Be3 Nh6 8. Qd2
Nf5 9. Bg5 Qb6 10. c3 c5 11. h4 f6 12. Bf4 fxe5 13. dxe5 Be7 14. Na3 Nxh4 15.
Ng5 h6 16. Nh3 O-O-O 17. Nb5 Rhf8 18. a4 a6 19. a5 Qxb5 20. Bxb5 axb5 21. b4
Bf5 22. Kh2 Bxh3 23. Kxh3 Ng6 24. Bg3 Ngxe5 25. Qe2 Rf5 26. Kh2 c4 27. a6 bxa6
28. Rxa6 Nf6 29. Rxe6 Nfg4+ 30. Kg1 Bf6 31. Qa2 Kd7 32. Qa6 Be7 33. Bxe5 Nxe5
34. Re1 Bf6 35. R1xe5 1-0

[Event "15. Obert Int. Sant Martí 2013 - B"]
[Site "Barcelona ESP"]
[Date "2013.07.20"]
[Round "8.15"]
[White "Masferrer Niubo, Enric"]
[Black "Riu Lopez, Daniel"]
[Result "1-0"]
[WhiteElo "1961"]
[BlackElo "1691"]
[PlyCount "93"]
[EventDate "2013.07.13"]
[EventType "swiss"]
[EventRounds "9"]
[EventCountry "ESP"]
[SourceTitle "Ajedrez en Madrid"]
[Source "lmi"]
[SourceDate "2013.07.13"]
[SourceVersion "1"]
[SourceVersionDate "2019.06.21"]
[SourceQuality "1"]

1. e4 e5 2. Nf3 Nc6 3. Bc4 Bc5 4. c3 Nf6 5. d3 h6 6. b4 Bb6 7. Nbd2 d6 8. Bb3
a6 9. Nc4 Ba7 10. Ne3 O-O 11. O-O Ne7 12. h3 Ng6 13. g3 Bxh3 14. Re1 Be6 15.
Bc2 Ng4 16. d4 Nxe3 17. Bxe3 Bg4 18. Kg2 Qf6 19. d5 Qxf3+ 20. Qxf3 Bxf3+ 21.
Kxf3 Ne7 22. Kg4 Bxe3 23. Rxe3 c5 24. bxc5 dxc5 25. c4 Nc8 26. Rb3 Rb8 27. Rab1
b6 28. a4 Rd8 29. a5 Rd6 30. R3b2 Rg6+ 31. Kf3 Rf6+ 32. Ke3 Rd6 33. Ba4 Kf8 34.
Bc6 Ke7 35. axb6 Kd8 36. b7 Na7 37. Ba4 Kc7 38. f4 f6 39. f5 a5 40. Kf3 h5 41.
Kg2 Rdd8 42. Kh3 g5 43. fxg6 Rg8 44. Rb6 Rxg6 45. d6+ Kd8 46. Ra6 f5 47. Rbb6
1-0

[Event "15. Obert Int. Sant Martí 2013 - B"]
[Site "Barcelona ESP"]
[Date "2013.07.20"]
[Round "8.16"]
[White "Cartro Turu, Gabriel"]
[Black "Escofet Llongueras, Joan"]
[Result "1-0"]
[WhiteElo "1944"]
[BlackElo "1793"]
[PlyCount "41"]
[EventDate "2013.07.13"]
[EventType "swiss"]
[EventRounds "9"]
[EventCountry "ESP"]
[SourceTitle "Ajedrez en Madrid"]
[Source "lmi"]
[SourceDate "2013.07.13"]
[SourceVersion "1"]
[SourceVersionDate "2019.06.21"]
[SourceQuality "1"]

1. e4 e6 2. d4 d5 3. Nc3 Nf6 4. Bg5 Be7 5. e5 Nfd7 6. Bxe7 Qxe7 7. f4 a6 8. Nf3
c5 9. dxc5 Nc6 10. Bd3 Nxc5 11. Qe2 Nxd3+ 12. cxd3 Qb4 13. Qd2 Nd4 14. O-O
Nxf3+ 15. Rxf3 Bd7 16. a3 Qd4+ 17. Qf2 Qxf2+ 18. Kxf2 Rc8 19. Rc1 Ke7 20. Ke1
Rc7 21. Nxd5+ 1-0

[Event "15. Obert Int. Sant Martí 2013 - B"]
[Site "Barcelona ESP"]
[Date "2013.07.20"]
[Round "8.17"]
[White "Tadevosyan, Galust"]
[Black "Esteban Bruguera, German"]
[Result "1-0"]
[WhiteElo "1732"]
[BlackElo "1896"]
[PlyCount "69"]
[EventDate "2013.07.13"]
[EventType "swiss"]
[EventRounds "9"]
[EventCountry "ESP"]
[SourceTitle "Ajedrez en Madrid"]
[Source "lmi"]
[SourceDate "2013.07.13"]
[SourceVersion "1"]
[SourceVersionDate "2019.06.21"]
[SourceQuality "1"]

1. e4 c5 2. Nf3 d6 3. Nc3 e5 4. Bc4 Be7 5. d3 Nf6 6. Bg5 Nc6 7. Bxf6 Bxf6 8.
Nd2 O-O 9. O-O Be6 10. f4 Bxc4 11. Nxc4 a6 12. f5 Nd4 13. Nd5 b5 14. Ncb6 Rb8
15. Nxf6+ gxf6 16. Nd5 b4 17. c3 bxc3 18. bxc3 Nc6 19. Qc1 Kh8 20. Rf3 Rg8 21.
Rh3 Rg5 22. Qd2 Kg7 23. Rf1 h5 24. Qe2 Qh8 25. Rh4 Qh6 26. Rf3 Rg4 27. Rxg4+
hxg4 28. Rf1 Qg5 29. Ne3 g3 30. h3 Na5 31. Nd5 Kh6 32. Rd1 Nc6 33. Qc2 a5 34.
Qa4 Qd2 35. Rxd2 1-0

[Event "15. Obert Int. Sant Martí 2013 - B"]
[Site "Barcelona ESP"]
[Date "2013.07.20"]
[Round "8.18"]
[White "Colom Andres, Xavier"]
[Black "Albert Estebanez, Carles"]
[Result "1-0"]
[WhiteElo "1876"]
[BlackElo "1734"]
[PlyCount "51"]
[EventDate "2013.07.13"]
[EventType "swiss"]
[EventRounds "9"]
[EventCountry "ESP"]
[SourceTitle "Ajedrez en Madrid"]
[Source "lmi"]
[SourceDate "2013.07.13"]
[SourceVersion "1"]
[SourceVersionDate "2019.06.21"]
[SourceQuality "1"]

1. d4 Nf6 2. c4 e6 3. Nc3 Bb4 4. e3 d6 5. Nge2 O-O 6. a3 Bxc3+ 7. Nxc3 c5 8.
Be2 Nbd7 9. O-O Rb8 10. e4 Qb6 11. Be3 Qc7 12. Nb5 Qb6 13. e5 dxe5 14. dxe5
Nxe5 15. Bf4 Nfd7 16. Bd3 a6 17. Bxh7+ Kxh7 18. Qh5+ Kg8 19. Bxe5 axb5 20. Bxb8
Nxb8 21. Rfd1 Nc6 22. Rd3 e5 23. f4 bxc4 24. Rg3 Nd4 25. Qxe5 Qf6 26. Qxf6 1-0

[Event "15. Obert Int. Sant Martí 2013 - B"]
[Site "Barcelona ESP"]
[Date "2013.07.20"]
[Round "8.19"]
[White "Cano Sevila, Ivan"]
[Black "Espinosa Cebrian, Carlos"]
[Result "0-1"]
[WhiteElo "1672"]
[BlackElo "1861"]
[PlyCount "44"]
[EventDate "2013.07.13"]
[EventType "swiss"]
[EventRounds "9"]
[EventCountry "ESP"]
[SourceTitle "Ajedrez en Madrid"]
[Source "lmi"]
[SourceDate "2013.07.13"]
[SourceVersion "1"]
[SourceVersionDate "2019.06.21"]
[SourceQuality "1"]

1. f4 g6 2. Nf3 Bg7 3. Nc3 c5 4. e3 a6 5. b3 d5 6. Bb2 Nf6 7. Be2 Nc6 8. Nb1 d4
9. O-O O-O 10. exd4 cxd4 11. Ne5 Nd5 12. Nxc6 bxc6 13. Bf3 Qb6 14. Kh1 Nxf4 15.
Bxc6 Qxc6 16. Rxf4 Bb7 17. Rf2 f5 18. c4 e5 19. d3 g5 20. Qf3 e4 21. Qe2 e3 22.
Rf1 Qh6 0-1

[Event "15. Obert Int. Sant Martí 2013 - B"]
[Site "Barcelona ESP"]
[Date "2013.07.20"]
[Round "8.20"]
[White "Llados Clos, Jaume"]
[Black "Ayza Casamitjana, Antoni"]
[Result "1/2-1/2"]
[WhiteElo "1568"]
[BlackElo "1860"]
[PlyCount "52"]
[EventDate "2013.07.13"]
[EventType "swiss"]
[EventRounds "9"]
[EventCountry "ESP"]
[SourceTitle "Ajedrez en Madrid"]
[Source "lmi"]
[SourceDate "2013.07.13"]
[SourceVersion "1"]
[SourceVersionDate "2019.06.21"]
[SourceQuality "1"]

1. e4 c5 2. Nc3 e6 3. f4 d5 4. d3 Nc6 5. Nf3 g6 6. e5 Bg7 7. g3 Nge7 8. Bg2 O-O
9. O-O a6 10. Kh1 b5 11. Ne2 Bb7 12. Bd2 Rb8 13. d4 c4 14. c3 a5 15. a3 a4 16.
Ne1 Na5 17. Nc1 Nf5 18. Nc2 h5 19. Ne3 Nxe3 20. Bxe3 Nc6 21. Bf2 Ne7 22. Re1
Nf5 23. h4 Kh7 24. Ne2 Bc6 25. Ng1 Bh6 26. Nh3 Kg8 1/2-1/2

[Event "15. Obert Int. Sant Martí 2013 - B"]
[Site "Barcelona ESP"]
[Date "2013.07.20"]
[Round "8.21"]
[White "Ji, Pablo"]
[Black "Gisbert Mir, Alejandro"]
[Result "0-1"]
[WhiteElo "1546"]
[BlackElo "1852"]
[PlyCount "108"]
[EventDate "2013.07.13"]
[EventType "swiss"]
[EventRounds "9"]
[EventCountry "ESP"]
[SourceTitle "Ajedrez en Madrid"]
[Source "lmi"]
[SourceDate "2013.07.13"]
[SourceVersion "1"]
[SourceVersionDate "2019.06.21"]
[SourceQuality "1"]

1. e4 e5 2. Nf3 Nc6 3. d4 exd4 4. Nxd4 Bc5 5. Be3 Qf6 6. c3 Nge7 7. g3 d5 8.
Bg2 dxe4 9. Bxe4 Nxd4 10. Bxd4 Bxd4 11. Qxd4 Qxd4 12. cxd4 Bf5 13. Bg2 O-O-O
14. O-O Rxd4 15. Re1 Nd5 16. Bxd5 Rxd5 17. Nc3 Rd2 18. Rac1 a6 19. b3 Rhd8 20.
Re7 Be6 21. b4 R2d7 22. Rxd7 Rxd7 23. a3 Bf5 24. a4 Rd2 25. b5 Rc2 26. Rxc2
Bxc2 27. bxa6 bxa6 28. a5 Kd7 29. Nd5 Bd3 30. f4 Kd6 31. Nb4 Bc4 32. Kf2 Kc5
33. Nc2 Bd3 34. Ne3 Be4 35. Ke2 Kb5 36. Kd2 Kxa5 37. Kc3 Kb5 38. Nc4 Kc5 39.
Na3 a5 40. Nc4 a4 41. Na3 Bd5 42. Nc2 Be6 43. Na3 Bb3 44. Nb1 Kd5 45. Nd2 c5
46. Kd3 c4+ 47. Kc3 f5 48. h3 a3 49. Nf3 a2 50. Kb2 Ke4 51. Ng5+ Kd3 52. Nf3
c3+ 53. Ka1 c2 54. Ne1+ Kd2 0-1

[Event "15. Obert Int. Sant Martí 2013 - B"]
[Site "Barcelona ESP"]
[Date "2013.07.20"]
[Round "8.22"]
[White "Velasco Rebezon, Daniela"]
[Black "Walter Travella, German"]
[Result "0-1"]
[WhiteElo "1651"]
[BlackElo "1973"]
[PlyCount "102"]
[EventDate "2013.07.13"]
[EventType "swiss"]
[EventRounds "9"]
[EventCountry "ESP"]
[SourceTitle "Ajedrez en Madrid"]
[Source "lmi"]
[SourceDate "2013.07.13"]
[SourceVersion "1"]
[SourceVersionDate "2019.06.21"]
[SourceQuality "1"]

1. d4 Nf6 2. e3 d6 3. c4 e5 4. Nc3 Bf5 5. dxe5 dxe5 6. Qxd8+ Kxd8 7. g3 Bb4 8.
Bd2 c6 9. a3 Ba5 10. b4 Bc7 11. Bg2 Bd3 12. c5 a5 13. Na4 axb4 14. Nb2 Rxa3 15.
Rxa3 bxa3 16. Nxd3 Nd5 17. Bxd5 cxd5 18. Nc1 Nc6 19. Nb3 Kd7 20. Ne2 Ra8 21.
O-O Na5 22. Nxa5 Bxa5 23. Bc1 Bb4 24. Bxa3 Rxa3 25. Rb1 Ra4 26. Nc1 e4 27. Nb3
Bc3 28. Rc1 Rc4 29. Kf1 Kc6 30. Rb1 Bb4 31. Rb2 Rc3 32. Rb1 Kb5 33. h3 Kc4 34.
c6 bxc6 35. Nd4 c5 36. Nf5 g6 37. Nd6+ Kd3 38. Nxf7 Kc2 39. Ra1 Ra3 40. Rxa3
Bxa3 41. Ke2 c4 42. Ng5 Kb1 43. Ne6 c3 44. Nd4 c2 45. Nxc2 Kxc2 46. f3 Bd6 47.
g4 g5 48. h4 gxh4 49. f4 h3 50. Kf2 Kd3 51. g5 Bxf4 0-1

[Event "15. Obert Int. Sant Martí 2013 - B"]
[Site "Barcelona ESP"]
[Date "2013.07.20"]
[Round "8.23"]
[White "Benet Saniger, Xavier"]
[Black "Jimenez Martinez, Javier"]
[Result "0-1"]
[WhiteElo "1797"]
[BlackElo "1943"]
[PlyCount "78"]
[EventDate "2013.07.13"]
[EventType "swiss"]
[EventRounds "9"]
[EventCountry "ESP"]
[SourceTitle "Ajedrez en Madrid"]
[Source "lmi"]
[SourceDate "2013.07.13"]
[SourceVersion "1"]
[SourceVersionDate "2019.06.21"]
[SourceQuality "1"]

1. d4 Nf6 2. c4 g6 3. Nc3 Bg7 4. e4 d6 5. Nf3 O-O 6. Be2 c6 7. O-O Nbd7 8. h3
e5 9. Be3 Qe7 10. Qc2 Nh5 11. d5 c5 12. a3 Nf4 13. b4 b6 14. Rfb1 f5 15. Kh2
Nf6 16. bxc5 bxc5 17. Rb3 Nxe4 18. Nxe4 fxe4 19. Ng1 Nd3 20. Bf1 Qf6 21. Ra2
Bf5 22. g4 Bd7 23. Rb7 Bc8 24. Rb1 h5 25. g5 Qf5 26. Ne2 Nf4 27. Ng3 Qxg5 28.
Bxf4 Rxf4 29. Nxe4 Rxe4 30. Qxe4 Bf5 31. Qe1 Qf4+ 32. Kg1 Bxb1 33. Qxb1 e4 34.
Bg2 Re8 35. Re2 Bd4 36. Kf1 Kg7 37. Bxe4 Rf8 38. Bxg6 Bxf2 39. Qb2+ Bd4+ 0-1

[Event "15. Obert Int. Sant Martí 2013 - B"]
[Site "Barcelona ESP"]
[Date "2013.07.20"]
[Round "8.24"]
[White "Roche Peris, Eduard"]
[Black "Bayarri Ponsa, Eduard"]
[Result "1/2-1/2"]
[WhiteElo "1792"]
[BlackElo "1878"]
[PlyCount "47"]
[EventDate "2013.07.13"]
[EventType "swiss"]
[EventRounds "9"]
[EventCountry "ESP"]
[SourceTitle "Ajedrez en Madrid"]
[Source "lmi"]
[SourceDate "2013.07.13"]
[SourceVersion "1"]
[SourceVersionDate "2019.06.21"]
[SourceQuality "1"]

1. e4 g6 2. d3 Bg7 3. Nf3 d6 4. g3 c6 5. Bg2 Bg4 6. O-O Qd7 7. c3 Nf6 8. Nbd2
c5 9. Nc4 Nc6 10. Re1 e5 11. Bg5 h6 12. Bd2 O-O 13. Ne3 Be6 14. Nh4 d5 15. exd5
Nxd5 16. Nxd5 Bxd5 17. Bxd5 Qxd5 18. Qe2 Rad8 19. Be3 Qxd3 20. Bxc5 Rfe8 21.
Qxd3 Rxd3 22. Rad1 Red8 23. Rxd3 Rxd3 24. Be3 1/2-1/2

[Event "15. Obert Int. Sant Martí 2013 - B"]
[Site "Barcelona ESP"]
[Date "2013.07.20"]
[Round "8.25"]
[White "Pascual Gonzalez-Novelles, Carles"]
[Black "Monteagudo Aguilera, Maximo"]
[Result "1-0"]
[WhiteElo "1873"]
[BlackElo "1779"]
[PlyCount "77"]
[EventDate "2013.07.13"]
[EventType "swiss"]
[EventRounds "9"]
[EventCountry "ESP"]
[SourceTitle "Ajedrez en Madrid"]
[Source "lmi"]
[SourceDate "2013.07.13"]
[SourceVersion "1"]
[SourceVersionDate "2019.06.21"]
[SourceQuality "1"]

1. e4 c5 2. Nc3 Nc6 3. g3 d6 4. Bg2 Nf6 5. f4 e6 6. d3 Be7 7. Nf3 a6 8. O-O Qc7
9. a4 Rb8 10. h3 b5 11. axb5 axb5 12. g4 h6 13. Ne2 Bb7 14. c3 b4 15. Bd2 Nd7
16. Ng3 bxc3 17. Bxc3 Bf6 18. Qe1 Nd4 19. Nxd4 Bxd4+ 20. Bxd4 cxd4 21. Qf2 Qb6
22. f5 e5 23. Nh5 f6 24. Nxg7+ Ke7 25. Qd2 Nc5 26. Ra3 Ba6 27. Rfa1 Rb7 28. b4
Nd7 29. Rxa6 Qxb4 30. Qxb4 Rxb4 31. Ra7 Rhb8 32. R1a2 Rb2 33. Rxb2 Rxb2 34. Ne6
Rd2 35. Bf1 Ke8 36. Nc7+ Kd8 37. Nd5 Nc5 38. Ra8+ Kd7 39. Nxf6+ 1-0

[Event "15. Obert Int. Sant Martí 2013 - B"]
[Site "Barcelona ESP"]
[Date "2013.07.20"]
[Round "8.26"]
[White "Minos Constante, Pablo"]
[Black "Martinez Hernandez, Emili"]
[Result "1/2-1/2"]
[WhiteElo "1850"]
[BlackElo "1756"]
[PlyCount "85"]
[EventDate "2013.07.13"]
[EventType "swiss"]
[EventRounds "9"]
[EventCountry "ESP"]
[SourceTitle "Ajedrez en Madrid"]
[Source "lmi"]
[SourceDate "2013.07.13"]
[SourceVersion "1"]
[SourceVersionDate "2019.06.21"]
[SourceQuality "1"]

1. e4 e6 2. d3 d5 3. Nd2 Nf6 4. Ngf3 dxe4 5. dxe4 Bc5 6. Bd3 Nc6 7. O-O O-O 8.
Nb3 Be7 9. e5 Nd7 10. Qe2 Nb4 11. Bc4 Nb6 12. Rd1 Qe8 13. Bb5 c6 14. Bd3 Nxd3
15. Rxd3 c5 16. Nbd2 Bd7 17. c4 Bc6 18. b3 Nd7 19. Ne4 f6 20. Nd6 Bxd6 21. Rxd6
Qe7 22. Rd3 Bxf3 23. Rxf3 Nxe5 24. Re3 Rae8 25. Bb2 Nc6 26. Rd1 e5 27. f4 Qf7
28. fxe5 fxe5 29. Rf3 Qe6 30. Rxf8+ Rxf8 31. Rd5 Qf5 32. Bc3 Qf4 33. Bxe5 Nxe5
34. Rxe5 Qd4+ 35. Qe3 Qa1+ 36. Qe1 Qd4+ 37. Qe3 Qb2 38. Re8 Qa1+ 39. Qe1 Qd4+
40. Kh1 Qf6 41. Rxf8+ Qxf8 42. Qe6+ Kh8 43. Kg1 1/2-1/2

[Event "15. Obert Int. Sant Martí 2013 - B"]
[Site "Barcelona ESP"]
[Date "2013.07.20"]
[Round "8.27"]
[White "Ferres Saez, Joan"]
[Black "De La Fuente Clemente, Constantino"]
[Result "1-0"]
[WhiteElo "1752"]
[BlackElo "1850"]
[PlyCount "115"]
[EventDate "2013.07.13"]
[EventType "swiss"]
[EventRounds "9"]
[EventCountry "ESP"]
[SourceTitle "Ajedrez en Madrid"]
[Source "lmi"]
[SourceDate "2013.07.13"]
[SourceVersion "1"]
[SourceVersionDate "2019.06.21"]
[SourceQuality "1"]

1. e4 e5 2. Nf3 Nf6 3. Bc4 Nc6 4. d4 Nxe4 5. dxe5 Nc5 6. O-O d6 7. exd6 Bxd6 8.
Re1+ Be6 9. Ng5 Qd7 10. Nxe6 fxe6 11. Qh5+ g6 12. Qh4 Nd4 13. Na3 b5 14. Nxb5
Nxc2 15. Nxd6+ cxd6 16. a4 a6 17. Bh6 Qe7 18. Qg4 O-O-O 19. Bg5 Qf7 20. Rxe6
Nxa1 21. Re5+ Qd7 22. Rxc5+ Kb8 23. Qg3 Rc8 24. b4 Ka7 25. Rxc8 Rxc8 26. Qe3+
Kb8 27. Qb6+ Qb7 28. Qxd6+ Qc7 29. Qxc7+ Kxc7 30. Bxa6 Ra8 31. Bb5 Nc2 32. Bf4+
Kb6 33. Bd6 Na3 34. Bc5+ Kc7 35. Kf1 Rd8 36. Ke2 Nb1 37. a5 Nc3+ 38. Ke3 Nxb5
39. Bb6+ Kc8 40. Bxd8 Kxd8 41. Ke4 Kd7 42. Kd5 Nc3+ 43. Kc4 Nd1 44. b5 Kc7 45.
Kc5 Nxf2 46. b6+ Kb8 47. a6 Nd3+ 48. Kc6 Nb4+ 49. Kb5 Nd3 50. Kc6 Ne5+ 51. Kd5
Ng4 52. Kd6 Nxh2 53. Kc6 Ng4 54. a7+ Ka8 55. Kc7 Nf6 56. b7+ Kxa7 57. b8=Q+ Ka6
58. Qb6# 1-0

[Event "15. Obert Int. Sant Martí 2013 - B"]
[Site "Barcelona ESP"]
[Date "2013.07.20"]
[Round "8.28"]
[White "Aparicio Escudero, Hector F."]
[Black "Poyato Ruiz, Fernando"]
[Result "1-0"]
[WhiteElo "1747"]
[BlackElo "1849"]
[PlyCount "55"]
[EventDate "2013.07.13"]
[EventType "swiss"]
[EventRounds "9"]
[EventCountry "ESP"]
[SourceTitle "Ajedrez en Madrid"]
[Source "lmi"]
[SourceDate "2013.07.13"]
[SourceVersion "1"]
[SourceVersionDate "2019.06.21"]
[SourceQuality "1"]

1. e4 e6 2. Nc3 d5 3. Nf3 Nf6 4. e5 Nfd7 5. d4 c5 6. Be3 cxd4 7. Bxd4 Nc6 8.
Bb5 Nxd4 9. Qxd4 a6 10. Qa4 Be7 11. O-O O-O 12. Bd3 Nc5 13. Qg4 Nxd3 14. cxd3
Bd7 15. d4 Rc8 16. Rac1 Qb6 17. Nxd5 exd5 18. Qxd7 Rxc1 19. Rxc1 Qxb2 20. Rf1
Qb4 21. Qxd5 Rd8 22. Qe4 b5 23. Qc2 g5 24. h3 h5 25. Qf5 Qc4 26. Nxg5 Kf8 27.
e6 f6 28. Qg6 1-0

[Event "15. Obert Int. Sant Martí 2013 - B"]
[Site "Barcelona ESP"]
[Date "2013.07.20"]
[Round "8.29"]
[White "Romero Gamez, Francisco Javier"]
[Black "Berstad, Joerund"]
[Result "1/2-1/2"]
[WhiteElo "1683"]
[BlackElo "1849"]
[PlyCount "46"]
[EventDate "2013.07.13"]
[EventType "swiss"]
[EventRounds "9"]
[EventCountry "ESP"]
[SourceTitle "Ajedrez en Madrid"]
[Source "lmi"]
[SourceDate "2013.07.13"]
[SourceVersion "1"]
[SourceVersionDate "2019.06.21"]
[SourceQuality "1"]

1. e4 c5 2. Nf3 d6 3. d4 cxd4 4. Nxd4 Nf6 5. Nc3 a6 6. Bg5 e6 7. f4 Be7 8. Qf3
Nbd7 9. O-O-O Nc5 10. e5 Nd5 11. Bxe7 Qxe7 12. Nxd5 exd5 13. Qxd5 dxe5 14. Re1
O-O 15. Rxe5 Ne6 16. Nxe6 Bxe6 17. Qe4 Qd6 18. Bd3 g6 19. Bc4 Rad8 20. Be2 Qd2+
21. Kb1 Bf5 22. Rxf5 gxf5 23. Qxf5 Qxe2 1/2-1/2

[Event "15. Obert Int. Sant Martí 2013 - B"]
[Site "Barcelona ESP"]
[Date "2013.07.20"]
[Round "8.30"]
[White "Vigier Lopez, Carlos"]
[Black "Ayats Llobera, Gerard"]
[Result "0-1"]
[WhiteElo "1830"]
[BlackElo "1708"]
[PlyCount "68"]
[EventDate "2013.07.13"]
[EventType "swiss"]
[EventRounds "9"]
[EventCountry "ESP"]
[SourceTitle "Ajedrez en Madrid"]
[Source "lmi"]
[SourceDate "2013.07.13"]
[SourceVersion "1"]
[SourceVersionDate "2019.06.21"]
[SourceQuality "1"]

1. e4 c5 2. d3 Nc6 3. Nf3 g6 4. g3 Bg7 5. Bg2 d6 6. O-O Bg4 7. h3 Bd7 8. Re1 e6
9. c3 Qb6 10. Qe2 Nge7 11. Nbd2 O-O 12. Nc4 Qc7 13. Bf4 e5 14. Bg5 f6 15. Be3
b5 16. Ncd2 f5 17. exf5 gxf5 18. Ng5 h6 19. Qh5 hxg5 20. Bxg5 Be8 21. Qe2 Rc8
22. f4 Bf6 23. Bh6 Rf7 24. g4 Rh7 25. fxe5 dxe5 26. g5 Bg7 27. Bxg7 Rxg7 28. h4
Ng6 29. Bd5+ Bf7 30. Nf3 e4 31. Nh2 Qg3+ 32. Kh1 Qxd3 33. Qh5 Nce5 34. Rad1 Qg3
0-1

[Event "15. Obert Int. Sant Martí 2013 - B"]
[Site "Barcelona ESP"]
[Date "2013.07.20"]
[Round "8.31"]
[White "Torrents Senal, Marc"]
[Black "Garcia Punzano, Josep Lluis"]
[Result "1-0"]
[WhiteElo "1829"]
[BlackElo "1744"]
[PlyCount "91"]
[EventDate "2013.07.13"]
[EventType "swiss"]
[EventRounds "9"]
[EventCountry "ESP"]
[SourceTitle "Ajedrez en Madrid"]
[Source "lmi"]
[SourceDate "2013.07.13"]
[SourceVersion "1"]
[SourceVersionDate "2019.06.21"]
[SourceQuality "1"]

1. d4 Nf6 2. c4 d6 3. Nc3 g6 4. e4 Bg7 5. f4 c6 6. Nf3 Qa5 7. Bd2 Qc7 8. Bd3
Bd7 9. Qc2 Na6 10. a3 Nh5 11. Be3 Bg4 12. Rc1 Bxf3 13. gxf3 e5 14. fxe5 dxe5
15. d5 cxd5 16. cxd5 O-O 17. Bxa6 bxa6 18. O-O Rfc8 19. Qa4 Qd6 20. Ne2 Nf4 21.
Bxf4 exf4 22. b4 Qb6+ 23. Kg2 Qe3 24. Qxa6 Rxc1 25. Rxc1 Bb2 26. Rc2 Qxa3 27.
Qxa3 Bxa3 28. b5 Bd6 29. Nd4 Rb8 30. Kh3 Kg7 31. Nc6 Rxb5 32. Nxa7 Rc5 33. Rxc5
Bxc5 34. Nc6 f6 35. Kg4 g5 36. Kf5 Kf7 37. Nd8+ Ke7 38. Ne6 Bd6 39. h3 Be5 40.
Nxg5 fxg5 41. Kxe5 h6 42. Kf5 Kf7 43. d6 Ke8 44. Kg6 Kd7 45. Kxh6 Kxd6 46. Kxg5
1-0

[Event "15. Obert Int. Sant Martí 2013 - B"]
[Site "Barcelona ESP"]
[Date "2013.07.20"]
[Round "8.32"]
[White "Albert Cristobal, Jorge"]
[Black "Argemi Camp, Jaume"]
[Result "0-1"]
[WhiteElo "1802"]
[BlackElo "1639"]
[PlyCount "130"]
[EventDate "2013.07.13"]
[EventType "swiss"]
[EventRounds "9"]
[EventCountry "ESP"]
[SourceTitle "Ajedrez en Madrid"]
[Source "lmi"]
[SourceDate "2013.07.13"]
[SourceVersion "1"]
[SourceVersionDate "2019.06.21"]
[SourceQuality "1"]

1. e4 e6 2. d4 g6 3. Bd3 Bg7 4. Nf3 d6 5. O-O c6 6. Re1 e5 7. dxe5 dxe5 8. Nbd2
Nd7 9. Nc4 Qc7 10. Be2 Bf8 11. Ne3 Ngf6 12. Bc4 Bg7 13. Nf1 O-O 14. Ng3 a5 15.
a4 Qb6 16. Bb3 Qc7 17. Be3 Ng4 18. Bc1 Nc5 19. Bc4 Be6 20. Qe2 Rad8 21. h3 Nf6
22. Be3 Bxc4 23. Qxc4 Ne6 24. Nxe5 Qxe5 25. f4 Qc7 26. Ne2 Rc8 27. f5 Nd8 28.
Bf4 Qb6+ 29. Kh1 Qb4 30. Qxb4 axb4 31. Ng3 Re8 32. Bg5 c5 33. e5 Nd7 34. f6 Bf8
35. Rad1 Rxe5 36. Ne4 Nb6 37. Bf4 Re8 38. b3 Ne6 39. Bg3 Red8 40. Bd6 Bxd6 41.
Nxd6 Rc7 42. Nb5 Rxd1 43. Rxd1 Rd7 44. Rd6 Rxd6 45. Nxd6 Nd8 46. Kg1 Nd5 47. a5
b6 48. a6 Nc7 49. a7 Na8 50. Kf2 Nc6 51. Nb5 Kf8 52. Ke3 Ke8 53. Ke4 Kd7 54.
Kd5 Nd8 55. c4 bxc3 56. Nxc3 Ne6 57. g3 Nec7+ 58. Ke5 Ne6 59. Ne4 Nd8 60. g4 h6
61. h4 Nc6+ 62. Kd5 Nxa7 63. h5 Nc7+ 64. Kc4 gxh5 65. gxh5 Nc8 0-1

[Event "15. Obert Int. Sant Martí 2013 - B"]
[Site "Barcelona ESP"]
[Date "2013.07.20"]
[Round "8.33"]
[White "Baum, Jonasz"]
[Black "Peiron Lluch, Jose Daniel"]
[Result "1/2-1/2"]
[WhiteElo "1512"]
[BlackElo "1798"]
[PlyCount "96"]
[EventDate "2013.07.13"]
[EventType "swiss"]
[EventRounds "9"]
[EventCountry "ESP"]
[SourceTitle "Ajedrez en Madrid"]
[Source "lmi"]
[SourceDate "2013.07.13"]
[SourceVersion "1"]
[SourceVersionDate "2019.06.21"]
[SourceQuality "1"]

1. e4 d5 2. exd5 Nf6 3. d4 Nxd5 4. Bc4 Nb6 5. Bb3 Nc6 6. Nf3 Bf5 7. O-O e6 8.
Nc3 Qd7 9. d5 exd5 10. Nxd5 Nxd5 11. Qxd5 O-O-O 12. Qxf7 Qxf7 13. Bxf7 Bxc2 14.
Bg5 Be7 15. Bxe7 Nxe7 16. Rfe1 Nc6 17. Rac1 Bf5 18. h3 Rhf8 19. Be6+ Bxe6 20.
Rxe6 Rfe8 21. Rce1 Rxe6 22. Rxe6 Rd1+ 23. Kh2 Rb1 24. Re8+ Kd7 25. Rg8 Rxb2 26.
Rxg7+ Kd6 27. Rxh7 Rxa2 28. g4 b5 29. g5 b4 30. g6 b3 31. g7 Ne7 32. Rh8 b2 33.
Nd2 b1=Q 34. Nxb1 Rxf2+ 35. Kg1 Rf7 36. g8=Q Nxg8 37. Rxg8 c5 38. Kg2 Rb7 39.
Nc3 Rb2+ 40. Kg1 Rb3 41. Ne4+ Kd5 42. Nf2 c4 43. Rd8+ Ke5 44. Re8+ Kd5 45. h4
c3 46. Rd8+ Ke5 47. Nd3+ Kf5 48. Rf8+ Kg4 1/2-1/2